Advanced engineering mathematics (Record no. 1119)

000 -LEADER
fixed length control field 00604nam a2200217 4500
001 - CONTROL NUMBER
control field 1119
003 - CONTROL NUMBER IDENTIFIER
control field BD-DhUET
008 - FIXED-LENGTH DATA ELEMENTS--GENERAL INFORMATION
fixed length control field 140830b xxu||||| |||| 00| 0 eng d
020 ## - INTERNATIONAL STANDARD BOOK NUMBER
International Standard Book Number 0070582378
040 ## - CATALOGING SOURCE
Transcribing agency 0
Modifying agency BD-DhUET
082 ## - DEWEY DECIMAL CLASSIFICATION NUMBER
Classification number 517.383
Item number WYL/1995
100 ## - MAIN ENTRY--PERSONAL NAME
Personal name Wylie, C. Ray
245 ## - TITLE STATEMENT
Title Advanced engineering mathematics
250 ## - EDITION STATEMENT
Edition statement 6th ed.
260 ## - PUBLICATION, DISTRIBUTION, ETC. (IMPRINT)
Place of publication, distribution, etc. New Delhi
Name of publisher, distributor, etc. McGraw-Hill Publishing
Date of publication, distribution, etc. 1995
300 ## - PHYSICAL DESCRIPTION
Extent xxii, 1362 p.
Other physical details ill.
490 ## - SERIES STATEMENT
Series statement Scaum's outline series in mathematics & statistics & statistics
650 #0 - SUBJECT ADDED ENTRY--TOPICAL TERM
Topical term or geographic name as entry element Engineering mathematics
700 ## - ADDED ENTRY--PERSONAL NAME
Personal name Barrett, Louis C.
942 ## - ADDED ENTRY ELEMENTS (KOHA)
Koha item type General Book
Holdings
Copy number Shelving location Koha date last seen Koha issues (times borrowed) Koha item type Withdrawn status Damaged status Price effective from Koha date last borrowed Date acquired Not for loan Source of classification or shelving scheme Koha full call number Piece designation (barcode) Koha normalized classification for sorting Lost status Location (home branch) Sublocation or collection (holding branch)
1Circulation section2014-11-111General Book  2014-08-302014-11-012014-08-30  517.383/ WYL/1995107836517_383000000000000_WYL1995 Central Library, BUETCentral Library, BUET
2Reading section2015-06-13 Reading Item  2015-06-13 2015-06-13  517.383/WYL/199599969517_383000000000000_WYL_1995 Central Library, BUETCentral Library, BUET
3Circulation section2017-04-08 General Book  2017-04-08 2005-03-14  517.383/WYL/1995100639517_383000000000000_WYL_1995 Central Library, BUETCentral Library, BUET